<?xml version="1.0" encoding="UTF-8"?>
<record
    xmlns:xsi="http://www.w3.org/2001/XMLSchema-instance"
    xsi:schemaLocation="http://www.loc.gov/MARC21/slim http://www.loc.gov/standards/marcxml/schema/MARC21slim.xsd"
    xmlns="http://www.loc.gov/MARC21/slim">

  <leader>01811nam a22001577a 4500</leader>
  <datafield tag="999" ind1=" " ind2=" ">
    <subfield code="c">520415</subfield>
    <subfield code="d">520415</subfield>
  </datafield>
  <controlfield tag="008">220913b           ||||| |||| 00| 0 eng d</controlfield>
  <datafield tag="100" ind1=" " ind2=" ">
    <subfield code="a">Kazim, Rafia</subfield>
    <subfield code="9">34034</subfield>
  </datafield>
  <datafield tag="245" ind1=" " ind2=" ">
    <subfield code="a">Re-reading Do Haath as an intersectional text: Ismat chughtai and dalits</subfield>
  </datafield>
  <datafield tag="260" ind1=" " ind2=" ">
    <subfield code="a">Sociological Bulletin </subfield>
  </datafield>
  <datafield tag="300" ind1=" " ind2=" ">
    <subfield code="a">71(1), Jan, 2022: p.62-79</subfield>
  </datafield>
  <datafield tag="520" ind1=" " ind2=" ">
    <subfield code="a">Even though scholars and feminists have accused intersectional theory for being superficial, inadequate, context bereft and fashionably more populist than academic, its applicability in addressing multi-layered forms of discrimination cannot be ignored. It is against this background that the article, through a deconstructive reading of an Urdu short story, Do Haath, highlights the challenges of the protagonist, the Dalit household, comprised primarily of women. Besides discussing the intersectional subjects of the story, this article questions the deliberate omissions of the multiply disadvantageous people such as the Dalit-Muslim women, also known as the Pasmanda women from feminist, Dalit and subaltern discourses. Furthermore, this article foregrounds intersectionality framework to understand the multiplicative nature of oppression and discrimination that Pasmanda women are subjected to, and how by excluding them from their respective agenda, feminist and Dalit activists have contributed towards their perpetual marginality.
Finally, the article suggests that intersectionality framework should be used to understand moments of celebratory resilience in the lives of intersectional subjects.- Reproduced 
</subfield>
  </datafield>
  <datafield tag="650" ind1=" " ind2=" ">
    <subfield code="a">Intersectionality, Dalit, Muslims, Women, Honor, Agency, Pasmandas, Ashraf patriarchy, Dalit, sensibilities, Celebratory resilience, Ismat chughrai. </subfield>
    <subfield code="9">32896</subfield>
  </datafield>
  <datafield tag="773" ind1=" " ind2=" ">
    <subfield code="a">Sociological Bulletin </subfield>
  </datafield>
  <datafield tag="906" ind1=" " ind2=" ">
    <subfield code="a">DALITS</subfield>
  </datafield>
  <datafield tag="942" ind1=" " ind2=" ">
    <subfield code="c">AR</subfield>
  </datafield>
  <datafield tag="952" ind1=" " ind2=" ">
    <subfield code="0">0</subfield>
    <subfield code="1">0</subfield>
    <subfield code="2">ddc</subfield>
    <subfield code="4">0</subfield>
    <subfield code="7">0</subfield>
    <subfield code="9">394477</subfield>
    <subfield code="a">IIPA</subfield>
    <subfield code="b">IIPA</subfield>
    <subfield code="d">2022-09-13</subfield>
    <subfield code="h">71(1), Jan, 2022: p.62-79</subfield>
    <subfield code="p">AR127001</subfield>
    <subfield code="r">2022-09-13</subfield>
    <subfield code="y">AR</subfield>
  </datafield>
</record>
